| 000 | 00659nam a22002297c 4500 | ||
|---|---|---|---|
| 001 | 000030533 | ||
| 003 | RuMoIPM | ||
| 005 | 20260512114531.0 | ||
| 008 | 240214b1967 ru ||||| |||| 00| 0 rus d | ||
| 035 | _a(RuMoBEN) 002226130 | ||
| 040 |
_aRuMoBEN _brus _ercr |
||
| 041 | _arus | ||
| 044 | _aru | ||
| 080 | _a517.518.28(07) | ||
| 080 | _a517.165(07) | ||
| 100 | _aСивашинский, Израиль Хаимович | ||
| 245 |
_aНеравенства в задачах _cИ. Х. Сивашинский |
||
| 260 |
_aМосква _bНаука _c1967 |
||
| 300 |
_a302, [1] с. _bил. |
||
| 504 | _aБиблиогр.: с. 302-[303] | ||
| 942 | _cBK | ||
| 999 |
_c30533 _d30533 |
||